| 000 | 00734nam a2200229 a 4500 | ||
|---|---|---|---|
| 999 |
_c11375 _d11375 |
||
| 001 | 11375 | ||
| 003 | BD-JhCC | ||
| 005 | 20190921074537.0 | ||
| 008 | 190605b 2017bg a|||| ||a| 000 0 ben d | ||
| 020 | _a9789849205975 | ||
| 035 | _a(BD-JhCC)11375 | ||
| 040 |
_aBD-JhCC _dBD-JhCC |
||
| 041 | _aben | ||
| 082 |
_bRES 2017 _a158.1 |
||
| 100 | _aরাসেল, শামসুল হক | ||
| 245 |
_aসাফল্যের মূলমন্ত্র / _c শামসুল হক রাসেল । |
||
| 260 |
_aঢাকা: _bঅন্বেষা প্রকাশন; _c২০১৭. |
||
| 300 |
_a১২৬ পৃ. : _bill; _c২২ সেমি. |
||
| 650 | _aSuccess | ||
| 942 |
_2ddc _cBK |
||